000 00309nam a22001337a 4500
008 170810b xxu||||| |||| 00| 0 eng d
020 _a069706753X
041 _aeng
080 _a004
100 _a35
101 _aSHKI
245 _aCOMPUTER SIMULATION OF DYNAMIC SYSTEMS
_cABURDENE, M.F
942 _2udc
_cBK
999 _c23188
_d23188